Voyages entre pays aléatoires - Statistiques

Statistiques générales
  • Ce quiz a été pris 61 135 fois
  • Le résultat moyen est 14 sur 20
Statistiques - réponses
Départ Pays traversé(s) Arrivée % Correct
France Espagne Portugal
92%
France Espagne Maroc
91%
Belgique France Espagne
91%
Espagne France Italie
91%
France Italie Vatican
91%
France Allemagne | Belgique Pays-Bas
90%
Pays-Bas Allemagne | France Suisse
90%
Allemagne Autriche | France | Suisse Italie
90%
Allemagne France Monaco
90%
Allemagne France Espagne
90%
Belgique France Monaco
90%
Espagne France Suisse
90%
Italie France Monaco
90%
Autriche Allemagne | Italie | Suisse France
89%
Andorre Espagne Portugal
89%
Maroc Espagne Portugal
89%
Canada Etats-Unis Mexique
89%
Allemagne France Andorre
89%
Andorre France Belgique
89%
Andorre France Luxembourg
89%
Espagne France Monaco
89%
Espagne France Luxembourg
89%
Italie France Luxembourg
89%
Luxembourg France Monaco
89%
Suisse Italie Vatican
89%
Maroc Algérie Tunisie
88%
Luxembourg Allemagne | Belgique | France Pays-Bas
88%
Luxembourg Allemagne | France Suisse
88%
Italie Autriche | Suisse Liechtenstein
88%
Argentine Brésil Guyana
88%
Andorre France Suisse
88%
Andorre France Monaco
88%
Belgique France Italie
88%
Monaco France Suisse
88%
Chine Russie Ukraine
88%
France Suisse Liechtenstein
88%
Autriche Allemagne Belgique
87%
Belgique Allemagne Pologne
87%
Belgique Allemagne | France Suisse
87%
Argentine Bolivie | Brésil | Chili Pérou
87%
Andorre Espagne Maroc
87%
Andorre France Italie
87%
Brésil France Luxembourg
87%
France Italie Saint-Marin
87%
Saint-Marin Italie Vatican
87%
Saint-Marin Italie Suisse
87%
Allemagne Pologne Biélorussie
87%
Chine Russie Estonie
87%
Corée du Nord Russie Estonie
87%
Corée du Nord Russie Ukraine
87%
Libye Algérie Maroc
86%
Autriche Allemagne Luxembourg
86%
Danemark Allemagne Suisse
86%
Danemark Allemagne France
86%
Pays-Bas Allemagne Pologne
86%
Rép. Tchèque Allemagne | Autriche Suisse
86%
Brésil Argentine | Bolivie | Pérou Chili
86%
Allemagne Autriche | Suisse Liechtenstein
86%
Russie Finlande | Norvège Suède
86%
Brésil France Monaco
86%
Brésil France Suisse
86%
Algérie Maroc Espagne
86%
Etats-Unis Mexique Guatemala
86%
Chine Russie Finlande
86%
Chine Russie Lettonie
86%
Corée du Nord Russie Finlande
86%
Autriche Allemagne Pays-Bas
85%
Belgique Allemagne Rép. Tchèque
85%
Luxembourg Allemagne Pologne
85%
Allemagne Autriche | Rép. Tchèque | Pologne Slovaquie
85%
France Brésil Paraguay
85%
Corée du Nord Chine Népal
85%
Corée du Nord Chine | Russie Mongolie
85%
Chine Corée du Nord Corée du Sud
85%
Corée du Sud Corée du Nord Russie
85%
Portugal Espagne Royaume-Uni
85%
Autriche Italie Vatican
85%
Slovénie Italie Vatican
85%
Biélorussie Russie Chine
85%
Chine Russie Norvège
85%
Chine Russie Lituanie
85%
Chine Russie Pologne
85%
Corée du Nord Russie Pologne
85%
Autriche Allemagne Danemark
84%
Belgique Allemagne Danemark
84%
Danemark Allemagne Pologne
84%
Danemark Allemagne Luxembourg
84%
Luxembourg Allemagne Rép. Tchèque
84%
Pays-Bas Allemagne Rép. Tchèque
84%
Pologne Allemagne Suisse
84%
Lettonie Biélorussie | Russie Ukraine
84%
France Brésil Pérou
84%
France Brésil Uruguay
84%
Corée du Nord Chine Inde
84%
Maroc Espagne Royaume-Uni
84%
Allemagne France Brésil
84%
Belgique France Brésil
84%
Estonie Lettonie | Russie Lituanie
84%
Espagne Maroc Mauritanie
84%
Allemagne Pologne Russie
84%
Corée du Nord Russie Lettonie
84%
Corée du Nord Russie Lituanie
84%
Mongolie Russie Norvège
84%
Danemark Allemagne Pays-Bas
83%
Autriche Allemagne | Rép. Tchèque | Slovaquie Pologne
83%
Chili Argentine Uruguay
83%
Lituanie Biélorussie | Pologne | Russie Ukraine
83%
Corée du Nord Chine Viêt Nam
83%
Autriche Italie Saint-Marin
83%
Egypte Libye Tunisie
83%
Allemagne Pologne Lituanie
83%
Allemagne Pologne Ukraine
83%
Espagne Royaume-Uni Irlande
83%
Biélorussie Russie Corée du Nord
83%
Corée du Nord Russie Norvège
83%
Finlande Russie Mongolie
83%
Lituanie Russie Mongolie
83%
Mongolie Russie Ukraine
83%
Roumanie Ukraine Russie
83%
Allemagne Autriche Hongrie
82%
Lettonie Biélorussie | Lituanie | Russie Pologne
82%
Bolivie Brésil France
82%
Guyana Brésil Uruguay
82%
Pérou Brésil | Colombie Venezuela
82%
Colombie Brésil | Venezuela Guyana
82%
Corée du Nord Chine Pakistan
82%
Russie Chine Viêt Nam
82%
Corée du Nord Chine | Russie Kazakhstan
82%
Andorre Espagne Royaume-Uni
82%
Algérie Libye Egypte
82%
Russie Pologne | Ukraine Slovaquie
82%
Biélorussie Russie Mongolie
82%
Danemark Allemagne Rép. Tchèque
81%
Chili Argentine | Bolivie Paraguay
81%
Bolivie Argentine | Brésil Uruguay
81%
Slovénie Autriche | Italie Suisse
81%
Argentine Brésil Colombie
81%
Argentine Brésil Venezuela
81%
Argentine Brésil Suriname
81%
Guyana Brésil Pérou
81%
France Brésil | Suriname Guyana
81%
Corée du Nord Chine Kirghizistan
81%
Brésil Colombie | Pérou Equateur
81%
Monaco France Suriname
81%
Hongrie Pologne | Ukraine Russie
81%
Estonie Russie Mongolie
81%
Finlande Russie Kazakhstan
81%
Lettonie Russie Mongolie
81%
Mongolie Russie Pologne
81%
Emirats Arabes Unis Arabie Saoudite | Oman Yémen
80%
Allemagne Autriche Slovénie
80%
Guyana Brésil Paraguay
80%
Thaïlande Cambodge | Laos Viêt Nam
80%
Bhoutan Chine Corée du Nord
80%
Corée du Nord Chine Tadjikistan
80%
Mongolie Chine Népal
80%
Luxembourg France Suriname
80%
Saint-Marin Italie Slovénie
80%
Biélorussie Lettonie | Russie Estonie
80%
Belize Mexique Etats-Unis
80%
Biélorussie Russie Kazakhstan
80%
Egypte Soudan Soudan du Sud
80%
Grèce Turquie Iran
80%
Mali Algérie | Mauritanie Maroc
79%
Hongrie Autriche Suisse
79%
Suriname Brésil Uruguay
79%
Afghanistan Chine Corée du Nord
79%
Corée du Nord Chine Laos
79%
Inde Chine Mongolie
79%
Laos Chine Russie
79%
Mongolie Chine Viêt Nam
79%
Equateur Colombie Venezuela
79%
Estonie Russie Kazakhstan
79%
Finlande Russie Géorgie
79%
Kazakhstan Russie Norvège
79%
Kazakhstan Russie Ukraine
79%
Grèce Turquie Irak
79%
Mauritanie Algérie Tunisie
78%
Colombie Brésil Uruguay
78%
Uruguay Brésil Venezuela
78%
Birmanie Chine Corée du Nord
78%
Inde Chine Russie
78%
Laos Chine Mongolie
78%
Andorre France Brésil
78%
Bolivie Pérou Equateur
78%
Chili Pérou Equateur
78%
Azerbaïdjan Russie Finlande
78%
Corée du Nord Russie Géorgie
78%
Finlande Russie Ukraine
78%
Kazakhstan Russie Lettonie
78%
Kazakhstan Russie Lituanie
78%
Grèce Turquie Syrie
78%
Hongrie Autriche Liechtenstein
77%
Italie Autriche Rép. Tchèque
77%
Liechtenstein Autriche Rép. Tchèque
77%
Slovaquie Autriche Suisse
77%
Bolivie Brésil Guyana
77%
Colombie Brésil Paraguay
77%
Paraguay Brésil Venezuela
77%
Suriname Brésil | Guyana Venezuela
77%
Bolivie Brésil | Pérou Colombie
77%
Népal Chine | Inde Pakistan
77%
Kazakhstan Chine | Russie Mongolie
77%
Brésil Colombie Panama
77%
Belgique France Suriname
77%
Bangladesh Inde Pakistan
77%
Arabie Saoudite Irak Iran
77%
Chili Pérou Colombie
77%
Biélorussie Russie Finlande
77%
Moldavie Ukraine Russie
77%
Grèce Albanie | Macédoine du Nord Kosovo
76%
Mali Algérie Tunisie
76%
Niger Algérie | Libye Tunisie
76%
Emirats Arabes Unis Arabie Saoudite Qatar
76%
Irak Arabie Saoudite Oman
76%
Jordanie Arabie Saoudite Qatar
76%
Oman Arabie Saoudite Qatar
76%
Liechtenstein Autriche Slovénie
76%
Hongrie Autriche | Slovénie Italie
76%
Paraguay Bolivie | Brésil Pérou
76%
Colombie Brésil France
76%
France Brésil Venezuela
76%
Paraguay Brésil Suriname
76%
Panama Colombie Pérou
76%
Israël Egypte Soudan
76%
Allemagne France Suriname
76%
Suisse France Suriname
76%
Autriche Hongrie | Slovénie Croatie
76%
Bangladesh Inde Népal
76%
Iran Irak | Turquie Syrie
76%
Jordanie Israël | Syrie Liban
76%
Bosnie-Herzégovine Monténégro | Serbie Kosovo
76%
Croatie Monténégro | Serbie Kosovo
76%
Azerbaïdjan Russie Ukraine
76%
Biélorussie Russie Géorgie
76%
Finlande Russie Lettonie
76%
Kazakhstan Russie Pologne
76%
Biélorussie Ukraine Roumanie
76%
Botswana Afrique du Sud Lesotho
75%
Macédoine du Nord Albanie | Kosovo Monténégro
75%
Irak Arabie Saoudite Yémen
75%
Jordanie Arabie Saoudite Yémen
75%
Koweït Arabie Saoudite Qatar
75%
Hongrie Autriche | Slovaquie Rép. Tchèque
75%
Bolivie Brésil Suriname
75%
Danemark Canada Etats-Unis
75%
Bhoutan Chine Mongolie
75%
Bhoutan Chine Russie
75%
Birmanie Chine Mongolie
75%
Birmanie Chine | Inde Népal
75%
Afghanistan Chine | Pakistan Inde
75%
Autriche Hongrie | Slovaquie Ukraine
75%
Afghanistan Iran Irak
75%
Irak Iran Pakistan
75%
Cambodge Laos | Viêt Nam Chine
75%
Egypte Libye | Soudan Tchad
75%
Algérie Mali | Mauritanie Sénégal
75%
Colombie Panama Costa Rica
75%
Biélorussie Pologne Rép. Tchèque
75%
Lituanie Pologne Rép. Tchèque
75%
Rép. Tchèque Pologne Russie
75%
Rép. Tchèque Pologne | Slovaquie Ukraine
75%
Azerbaïdjan Russie Lettonie
75%
Azerbaïdjan Russie Estonie
75%
Azerbaïdjan Russie Norvège
75%
Estonie Russie Ukraine
75%
Croatie Slovénie Italie
75%
Arménie Turquie Grèce
75%
Azerbaïdjan Turquie Grèce
75%
Eswatini Afrique du Sud Lesotho
74%
Jordanie Arabie Saoudite Oman
74%
Koweït Arabie Saoudite Oman
74%
Koweït Arabie Saoudite Yémen
74%
Bangladesh Birmanie | Inde Chine
74%
Bolivie Brésil Venezuela
74%
Colombie Brésil Suriname
74%
Pérou Brésil Suriname
74%
Grèce Bulgarie Roumanie
74%
Macédoine du Nord Bulgarie | Grèce Turquie
74%
Bhoutan Chine | Inde Népal
74%
Bhoutan Chine | Inde Pakistan
74%
Equateur Colombie Panama
74%
Panama Colombie Venezuela
74%
Bosnie-Herzégovine Croatie Slovénie
74%
Israël Egypte Libye
74%
Andorre France Suriname
74%
Albanie Grèce Turquie
74%
Serbie Hongrie | Roumanie Ukraine
74%
Arabie Saoudite Irak | Jordanie Syrie
74%
Arménie Iran | Turquie Irak
74%
Egypte Israël Jordanie
74%
Irak Jordanie | Syrie Israël
74%
Albanie Kosovo | Macédoine du Nord | Monténégro Serbie
74%
Bulgarie Macédoine du Nord | Serbie Kosovo
74%
Algérie Mali | Niger Burkina Faso
74%
Inde Pakistan Iran
74%
Bulgarie Roumanie Ukraine
74%
Bulgarie Roumanie | Serbie Hongrie
74%
Azerbaïdjan Russie Corée du Nord
74%
Biélorussie Russie Norvège
74%
Estonie Russie Finlande
74%
Estonie Russie Géorgie
74%
Géorgie Russie Lettonie
74%
Bulgarie Turquie Iran
74%
Biélorussie Ukraine Moldavie
74%
Grèce Albanie Monténégro
73%
Libye Algérie | Niger Mali
73%
Irak Arabie Saoudite Qatar
73%
Liechtenstein Autriche Slovaquie
73%
Grèce Bulgarie | Macédoine du Nord Serbie
73%
Népal Chine Viêt Nam
73%
Birmanie Chine | Inde Pakistan
73%
Serbie Croatie | Hongrie Slovénie
73%
Bosnie-Herzégovine Croatie | Serbie Hongrie
73%
Erythrée Ethiopie | Soudan Soudan du Sud
73%
Brésil France Italie
73%
Malaisie Indonésie Papouasie Nouvelle-Guinée
73%
Iran Irak Jordanie
73%
Egypte Israël Liban
73%
Lituanie Pologne Slovaquie
73%
Biélorussie Pologne | Ukraine Slovaquie
73%
Hongrie Roumanie | Ukraine Moldavie
73%
Azerbaïdjan Russie Biélorussie
73%
Finlande Russie Lituanie
73%
Egypte Soudan Rép. Centrafricaine
73%
Egypte Soudan Ethiopie
73%
Libye Soudan Soudan du Sud
73%
Bulgarie Turquie Irak
73%
Libye Algérie Mauritanie
72%
Jordanie Arabie Saoudite | Irak Koweït
72%
Géorgie Arménie | Azerbaïdjan | Turquie Iran
72%
Chine Birmanie | Laos Thaïlande
72%
Macédoine du Nord Bulgarie | Serbie Roumanie
72%
Birmanie Chine Russie
72%
Kazakhstan Chine Viêt Nam
72%
Mongolie Chine Pakistan
72%
Birmanie Chine | Laos Viêt Nam
72%
Hongrie Croatie | Serbie Monténégro
72%
Autriche Hongrie Roumanie
72%
Croatie Hongrie | Serbie Roumanie
72%
Bangladesh Inde Bhoutan
72%
Jordanie Irak | Syrie Turquie
72%
Azerbaïdjan Iran | Turquie Irak
72%
Arabie Saoudite Jordanie Israël
72%
Birmanie Laos | Thaïlande Cambodge
72%
Tchad Libye Tunisie
72%
Bulgarie Roumanie Moldavie
72%
Azerbaïdjan Russie Lituanie
72%
Géorgie Russie Norvège
72%
Géorgie Russie Lituanie
72%
Bulgarie Turquie Syrie
72%
Lesotho Afrique du Sud Zimbabwe
71%
Lesotho Afrique du Sud Mozambique
71%
Maroc Algérie Niger
71%
Emirats Arabes Unis Arabie Saoudite Jordanie
71%
Emirats Arabes Unis Arabie Saoudite Koweït
71%
Italie Autriche Slovaquie
71%
Rép. Tchèque Autriche Slovénie
71%
Slovaquie Autriche | Hongrie Slovénie
71%
Arménie Azerbaïdjan | Géorgie Russie
71%
Inde Birmanie | Chine Laos
71%
Afghanistan Chine Viêt Nam
71%
Bhoutan Chine | Inde Birmanie
71%
Kirghizistan Chine | Kazakhstan Russie
71%
Irak Iran Turkménistan
71%
Soudan Libye Tunisie
71%
Algérie Libye | Niger Tchad
71%
Algérie Mali Côte d'Ivoire
71%
Cameroun Nigeria | Tchad Niger
71%
Estonie Russie Norvège
71%
Finlande Russie Pologne
71%
Géorgie Russie Ukraine
71%
Libye Soudan | Tchad Rép. Centrafricaine
71%
Lesotho Afrique du Sud Namibie
70%
Afrique du Sud Botswana | Namibie | Zimbabwe Zambie
70%
Afghanistan Chine Mongolie
70%
Kazakhstan Chine Népal
70%
Tadjikistan Chine Viêt Nam
70%
Monténégro Croatie Slovénie
70%
Djibouti Ethiopie | Somalie Kenya
70%
Italie France Suriname
70%
Egypte Israël Syrie
70%
Russie Kazakhstan Turkménistan
70%
Algérie Libye Soudan
70%
Maroc Mauritanie Sénégal
70%
Mali Niger Nigeria
70%
Libye Niger | Tchad Nigeria
70%
Soudan du Sud Rép. Centrafricaine | Soudan Tchad
70%
Azerbaïdjan Russie Pologne
70%
Norvège Russie Ukraine
70%
Egypte Soudan Erythrée
70%
Laos Thaïlande Malaisie
70%
Géorgie Turquie Grèce
70%
Chine Afghanistan | Kazakhstan | Kirghizistan | Tadjikistan Ouzbékistan
69%
Emirats Arabes Unis Arabie Saoudite Irak
69%
Erythrée Djibouti | Ethiopie Somalie
69%
Iran Irak Koweït
69%
Ouzbékistan Kazakhstan Russie
69%
Algérie Niger Nigeria
69%
Bosnie-Herzégovine Serbie Roumanie
69%
Hongrie Serbie Kosovo
69%
Irak Syrie Liban
69%
Eswatini Afrique du Sud | Mozambique Zimbabwe
68%
Roumanie Bulgarie Turquie
68%
Kazakhstan Chine Laos
68%
Kirghizistan Chine Viêt Nam
68%
Nicaragua Costa Rica Panama
68%
Kenya Ethiopie | Soudan du Sud Soudan
68%
Honduras Guatemala Mexique
68%
Autriche Hongrie Serbie
68%
Kirghizistan Kazakhstan | Ouzbékistan Turkménistan
68%
Rép. Dém. du Congo Rép. Centrafricaine | Soudan du Sud Soudan
68%
Géorgie Russie Mongolie
68%
Géorgie Russie Pologne
68%
Israël Syrie Turquie
68%
Chine Afghanistan | Pakistan Iran
67%
Mauritanie Algérie | Mali Niger
67%
Burkina Faso Bénin | Niger Nigeria
67%
Mongolie Chine Tadjikistan
67%
Afghanistan Chine | Ouzbékistan | Turkménistan Kazakhstan
67%
Roumanie Hongrie | Ukraine Slovaquie
67%
Malaisie Indonésie Timor Oriental
67%
Guinée Mali | Sénégal Mauritanie
67%
Angola Rép. Dém. du Congo | Rép. du Congo Rép. Centrafricaine
67%
Chine Russie Géorgie
67%
Bulgarie Serbie Croatie
67%
Hongrie Serbie Macédoine du Nord
67%
Arménie Turquie Bulgarie
67%
Moldavie Ukraine Pologne
67%
Botswana Afrique du Sud Eswatini
66%
Russie Azerbaïdjan | Géorgie Turquie
66%
Inde Birmanie Thaïlande
66%
Kirghizistan Chine Mongolie
66%
Kazakhstan Chine | Kirghizistan | Ouzbékistan Tadjikistan
66%
Somalie Ethiopie Soudan
66%
Somalie Ethiopie | Kenya Soudan du Sud
66%
Albanie Grèce | Macédoine du Nord Bulgarie
66%
Papouasie Nouvelle-Guinée Indonésie Timor Oriental
66%
Koweït Irak Syrie
66%
Pakistan Iran Turquie
66%
Egypte Libye Niger
66%
Niger Libye | Tchad Soudan
66%
Algérie Mali Guinée
66%
Burkina Faso Mali Mauritanie
66%
Cameroun Rép. Centrafricaine | Tchad Soudan
66%
Moldavie Roumanie Serbie
66%
Estonie Russie Pologne
66%
Bosnie-Herzégovine Serbie Macédoine du Nord
66%
Croatie Serbie Macédoine du Nord
66%
Hongrie Slovaquie | Ukraine Pologne
66%
Ethiopie Soudan Tchad
66%
Liban Syrie Turquie
66%
Cambodge Thaïlande Malaisie
66%
Biélorussie Ukraine Hongrie
66%
Tadjikistan Afghanistan | Ouzbékistan Turkménistan
65%
Bénin Burkina Faso | Togo Ghana
65%
Gabon Cameroun | Rép. du Congo Rép. Centrafricaine
65%
Bhoutan Chine Kazakhstan
65%
Birmanie Chine Kazakhstan
65%
Laos Chine Népal
65%
Erythrée Ethiopie Kenya
65%
Mexique Guatemala Salvador
65%
Serbie Hongrie Slovaquie
65%
Indonésie Malaisie Thaïlande
65%
Afrique du Sud Namibie Angola
65%
Mali Niger Tchad
65%
Azerbaïdjan Russie Mongolie
65%
Lituanie Russie Norvège
65%
Gambie Sénégal Mauritanie
65%
Bosnie-Herzégovine Serbie Bulgarie
65%
Kosovo Serbie Roumanie
65%
Erythrée Soudan Libye
65%
Ethiopie Soudan Libye
65%
Eswatini Afrique du Sud Namibie
64%
Guinée Equatoriale Cameroun Rép. Centrafricaine
64%
Afghanistan Chine Laos
64%
Kirghizistan Chine Népal
64%
Kirghizistan Chine Laos
64%
Espagne France Suriname
64%
Guatemala Honduras Nicaragua
64%
Nicaragua Honduras Salvador
64%
Afghanistan Iran Turquie
64%
Albanie Monténégro Croatie
64%
Albanie Monténégro Bosnie-Herzégovine
64%
Rép. du Congo Rép. Centrafricaine | Rép. Dém. du Congo Soudan du Sud
64%
Angola Rép. Dém. du Congo Soudan du Sud
64%
Bulgarie Serbie Monténégro
64%
Monténégro Serbie Roumanie
64%
Erythrée Soudan Tchad
64%
Birmanie Thaïlande Malaisie
64%
Bulgarie Turquie Géorgie
64%
Pakistan Afghanistan | Chine Tadjikistan
63%
Serbie Bulgarie Turquie
63%
Inde Chine Viêt Nam
63%
Laos Chine Tadjikistan
63%
Népal Chine Tadjikistan
63%
Pakistan Chine Viêt Nam
63%
Afghanistan Chine | Tadjikistan | Ouzbékistan Kirghizistan
63%
Djibouti Erythrée | Ethiopie Soudan
63%
Arabie Saoudite Irak Turquie
63%
Brunei Malaisie Indonésie
63%
Costa Rica Nicaragua Honduras
63%
Algérie Niger Bénin
63%
Burkina Faso Niger Tchad
63%
Rép. Centrafricaine Rép. Dém. du Congo Rwanda
63%
Rép. Centrafricaine Rép. Dém. du Congo Zambie
63%
Cameroun Tchad Libye
63%
Géorgie Turquie Syrie
63%
Pakistan Afghanistan | Iran Turkménistan
62%
Iran Afghanistan | Turkménistan Ouzbékistan
62%
Bangladesh Birmanie Thaïlande
62%
Côte d'Ivoire Burkina Faso | Ghana Togo
62%
Côte d'Ivoire Burkina Faso | Mali Niger
62%
Bénin Burkina Faso | Niger Mali
62%
Rép. du Congo Cameroun | Rép. Centrafricaine Tchad
62%
Djibouti Ethiopie Soudan du Sud
62%
Belize Guatemala Honduras
62%
Belize Guatemala Salvador
62%
Côte d'Ivoire Guinée | Mali Sénégal
62%
Slovénie Hongrie Ukraine
62%
Soudan du Sud Kenya | Rép. Dém. du Congo Tanzanie
62%
Niger Mali Sénégal
62%
Cameroun Rép. Centrafricaine | Rép. du Congo Rép. Dém. du Congo
62%
Ouganda Rép. Dém. du Congo | Soudan du Sud Rép. Centrafricaine
62%
Géorgie Russie Kazakhstan
62%
Ouganda Soudan du Sud Soudan
62%
Azerbaïdjan Turquie Bulgarie
62%
Pologne Ukraine Roumanie
62%
Ouzbékistan Afghanistan Pakistan
61%
Chine Afghanistan | Kazakhstan Turkménistan
61%
Botswana Afrique du Sud | Zambie | Zimbabwe Mozambique
61%
Bangladesh Birmanie Laos
61%
Afghanistan Chine Népal
61%
Côte d'Ivoire Guinée | Liberia Sierra Leone
61%
Guinée-Bissau Guinée | Sénégal Mali
61%
Roumanie Hongrie Slovénie
61%
Koweït Irak Turquie
61%
Ethiopie Kenya Tanzanie
61%
Somalie Kenya Tanzanie
61%
Afrique du Sud Mozambique Tanzanie
61%
Burundi Rép. Dém. du Congo Rép. Centrafricaine
61%
Azerbaïdjan Russie Chine
61%
Lettonie Russie Norvège
61%
Gambie Sénégal Mali
61%
Niger Bénin | Burkina Faso Togo
60%
Ghana Burkina Faso | Côte d'Ivoire Mali
60%
Nigeria Cameroun | Tchad Rép. Centrafricaine
60%
Bhoutan Chine Kirghizistan
60%
Bhoutan Chine Viêt Nam
60%
Croatie Hongrie Slovaquie
60%
Côte d'Ivoire Mali Mauritanie
60%
Angola Namibie | Zambie Botswana
60%
Bénin Niger | Nigeria Tchad
60%
Erythrée Soudan Rép. Centrafricaine
60%
Ethiopie Soudan | Soudan du Sud Rép. Centrafricaine
60%
Nigeria Tchad Soudan
60%
Arménie Turquie Syrie
60%
Inde Chine Kazakhstan
59%
Laos Chine Pakistan
59%
Croatie Hongrie Ukraine
59%
Rwanda Ouganda | Rép. Dém. du Congo Soudan du Sud
59%
Rép. Dém. du Congo Rép. Centrafricaine Tchad
59%
Angola Rép. Dém. du Congo Rwanda
59%
Burundi Rép. Dém. du Congo | Rwanda Ouganda
59%
Angola Rép. Dém. du Congo | Zambie Tanzanie
59%
Angola Rép. du Congo Cameroun
59%
Gambie Sénégal Guinée
59%
Gambie Sénégal Guinée-Bissau
59%
Mozambique Afrique du Sud | Zambie Namibie
58%
Bhoutan Chine Tadjikistan
58%
Bhoutan Chine Laos
58%
Afghanistan Iran Azerbaïdjan
58%
Ethiopie Kenya | Soudan du Sud Ouganda
58%
Malawi Mozambique | Zambie Zimbabwe
58%
Tanzanie Mozambique | Zambie Zimbabwe
58%
Burkina Faso Niger Libye
58%
Kenya Ouganda | Tanzanie Rwanda
58%
Guinée-Bissau Sénégal Mauritanie
58%
Namibie Angola | Zambie Rép. Dém. du Congo
57%
Guinée Equatoriale Cameroun | Gabon Rép. du Congo
57%
Afghanistan Chine Birmanie
57%
Birmanie Chine Tadjikistan
57%
Afghanistan Iran Arménie
57%
Azerbaïdjan Iran Pakistan
57%
Ouganda Kenya Somalie
57%
Brunei Malaisie Thaïlande
57%
Burkina Faso Mali Sénégal
57%
Bénin Niger Libye
57%
Angola Rép. Dém. du Congo Ouganda
57%
Rép. Centrafricaine Rép. Dém. du Congo Tanzanie
57%
Gabon Rép. du Congo Rép. Dém. du Congo
57%
Azerbaïdjan Russie Kazakhstan
57%
Norvège Russie Pologne
57%
Kenya Tanzanie Zambie
57%
Kenya Tanzanie Mozambique
57%
Nigeria Bénin Togo
56%
Nigeria Cameroun Rép. du Congo
56%
Afghanistan Chine Bhoutan
56%
Brésil France Espagne
56%
Sénégal Guinée Sierra Leone
56%
Arménie Iran Pakistan
56%
Turkménistan Iran Turquie
56%
Niger Tchad Rép. Centrafricaine
56%
Azerbaïdjan Turquie Syrie
56%
Iran Afghanistan Tadjikistan
55%
Birmanie Chine Kirghizistan
55%
Ghana Côte d'Ivoire Liberia
55%
Allemagne Danemark Canada
55%
Afrique du Sud Mozambique Malawi
55%
Eswatini Mozambique Tanzanie
55%
Cameroun Rép. Centrafricaine Soudan du Sud
55%
Angola Rép. Dém. du Congo Burundi
55%
Angola Rép. du Congo Gabon
55%
Moldavie Ukraine Slovaquie
55%
Rép. Dém. du Congo Zambie Zimbabwe
55%
Mali Burkina Faso Togo
54%
Guinée-Bissau Guinée Liberia
54%
Guinée-Bissau Guinée Sierra Leone
54%
Rép. du Congo Rép. Centrafricaine Soudan
54%
Mozambique Tanzanie | Zambie Rép. Dém. du Congo
54%
Géorgie Turquie Irak
54%
Angola Zambie Zimbabwe
54%
Inde Chine Tadjikistan
53%
Inde Chine Kirghizistan
53%
Burkina Faso Côte d'Ivoire | Mali Guinée
53%
Côte d'Ivoire Guinée Guinée-Bissau
53%
Liberia Guinée Sénégal
53%
Guinée Mali Niger
53%
Bénin Nigeria Cameroun
53%
Soudan du Sud Rép. Dém. du Congo Zambie
53%
Ouganda Rép. Dém. du Congo | Tanzanie Zambie
53%
Rwanda Rép. Dém. du Congo | Tanzanie Zambie
53%
Kenya Tanzanie Malawi
53%
Mozambique Tanzanie Rwanda
53%
Rép. du Congo Angola | Rép. Dém. du Congo Zambie
52%
Guinée Equatoriale Cameroun Nigeria
52%
Afghanistan Chine Russie
52%
Mozambique Tanzanie Ouganda
52%
Botswana Zambie Tanzanie
52%
Namibie Zambie Tanzanie
52%
Liberia Côte d'Ivoire | Guinée Mali
51%
Burundi Rép. Dém. du Congo Rép. du Congo
51%
Burundi Rép. Dém. du Congo | Tanzanie Zambie
51%
Angola Zambie Mozambique
51%
Gabon Cameroun Nigeria
50%
Burkina Faso Côte d'Ivoire Liberia
50%
Ghana Côte d'Ivoire Guinée
50%
Ethiopie Soudan du Sud Rép. Dém. du Congo
50%
Burundi Tanzanie Mozambique
50%
Iran Turkménistan Kazakhstan
50%
Botswana Zambie Malawi
50%
Gabon Cameroun Tchad
49%
Kenya Ouganda | Soudan du Sud Rép. Dém. du Congo
49%
Malawi Tanzanie | Zambie Rép. Dém. du Congo
49%
Angola Zambie Malawi
49%
Ghana Burkina Faso Niger
48%
Rép. du Congo Rép. Dém. du Congo Rwanda
48%
Bénin Burkina Faso Côte d'Ivoire
47%
Russie Chine Tadjikistan
47%
Mali Guinée Sierra Leone
47%
Eswatini Mozambique Malawi
47%
Botswana Zambie Rép. Dém. du Congo
47%
Guinée Equatoriale Cameroun Tchad
46%
Kazakhstan Chine Pakistan
46%
Ouganda Rép. Dém. du Congo Rép. du Congo
46%
Burundi Tanzanie Kenya
46%
Malawi Tanzanie Ouganda
46%
Arménie Iran Turkménistan
45%
Azerbaïdjan Iran Turkménistan
45%
Burundi Tanzanie Malawi
45%
Malawi Tanzanie Rwanda
45%
Malawi Zambie Namibie
45%
Kirghizistan Chine Pakistan
44%
Eswatini Mozambique Zambie
44%
Kenya Soudan du Sud Rép. Centrafricaine
43%
Burundi Rép. Dém. du Congo Soudan du Sud
42%
Iran Azerbaïdjan Russie
41%
Rép. du Congo Rép. Dém. du Congo Tanzanie
40%
France Espagne Royaume-Uni
33%
Aucun quiz correspondant
Distribution des résultats
% des personnes avec chaque résultat
Percentile par nombre de réponses
Votre historique - résultats
Vous n’avez pas pris ce quiz